00954pam a2200289 a 4500001000500000005001700005008004100022020001700063020002900080040002300109050002300132082001200155100001900167245006900186250001200255260003700267300004500304505000600349520015400355521001800509521001600527650003100543650003300574650001000607650001200617700003500629138220230823082739.0850301s1985 nyua j 000 0 eng  a0690044577 : a0690044593 (lib. bdg.) : aDLCcDLCdDLCbeng00aGA105.6b.K58 198500a9122191 aKnowlton, Jack10aMaps & globes /cby Jack Knowlton ; pictures by Harriett Barton. a1st ed. aNew York :bHarperCollins,c1985 a42 pages :bcolor illustrations ;c25 cm aQ aA brief history of mapmaking, a simple explanation of how to read maps and globes, and an introduction to the many different kinds of maps there are. a920 bLexile aQbRaz-Plus 0aMapsxJuvenile literature. 0aGlobesxJuvenile literature. 1aMaps. 1aGlobes.1 aBarton, Harriett,eillustrator